[Event "MSR_ch20"]
[Site "?"]
[Date "2024.04.06"]
[Round "2.11"]
[White "Sulik, Adrian"]
[Black "Zetocha, Adrian"]
[Result "0-1"]
[BlackElo "2134"]
[WhiteElo "1000"]
[LiveChessVersion "1.4.8"]

1. d4 {[%clk 1:30:46]} Nf6 {[%clk 1:30:21]} 2. c4 {[%clk 1:31:00]} g6
{[%clk 1:26:27]} 3. Nc3 {[%clk 1:30:42]} d5 {[%clk 1:26:51]} 4. Nf3
{[%clk 1:30:55]} Bg7 {[%clk 1:26:24]} 5. Bf4 {[%clk 1:30:16]} O-O
{[%clk 1:22:54]} 6. cxd5 {[%clk 1:28:46]} Nxd5 {[%clk 1:22:48]} 7. Nxd5
{[%clk 1:28:47]} Qxd5 {[%clk 1:23:11]} 8. Bxc7 {[%clk 1:28:52]} Nc6
{[%clk 1:03:12]} 9. e3 {[%clk 1:28:03]} Bf5 {[%clk 1:01:12]} 10. Bd3
{[%clk 1:25:33]} Bxd3 {[%clk 0:58:54]} 11. Qxd3 {[%clk 1:25:53]} Rac8
{[%clk 0:59:12]} 12. Bf4 {[%clk 1:25:24]} Nb4 {[%clk 0:59:21]} 13. Qd2
{[%clk 1:23:38]} Nc2+ {[%clk 0:59:01]} 14. Ke2 {[%clk 1:23:50]} Qc4+
{[%clk 0:55:16]} 15. Qd3 {[%clk 1:23:28]} Nxa1 {[%clk 0:54:51]} 16. Rxa1
{[%clk 1:23:44]} Qc2+ {[%clk 0:54:39]} 17. Qxc2 {[%clk 1:23:19]} Rxc2+
{[%clk 0:55:01]} 18. Nd2 {[%clk 1:23:45]} Rxb2 {[%clk 0:53:05]} 19. Kd3
{[%clk 1:23:14]} Rc8 {[%clk 0:47:31]} 20. Bg3 {[%clk 1:22:46]} Rcc2
{[%clk 0:46:08]} 21. Nc4 {[%clk 1:21:52]} Rxa2 {[%clk 0:46:01]} 22. Rb1
{[%clk 1:21:56]} b6 {[%clk 0:45:48]} 23. Bb8 {[%clk 1:20:55]} Rxf2
{[%clk 0:45:39]} 24. Ke4 {[%clk 1:20:06]} Rxg2 {[%clk 0:45:22]} 25. Kd5
{[%clk 1:20:13]} Rac2 {[%clk 0:44:36]} 26. Ne5 {[%clk 1:18:49]} Bf8
{[%clk 0:42:46]} 27. Bxa7 {[%clk 1:18:44]} e6+ {[%clk 0:43:08]} 28. Ke4
{[%clk 1:18:41]} f5+ {[%clk 0:43:31]} 29. Kf4 {[%clk 1:18:27]} g5+
{[%clk 0:43:31]} 30. Kf3 {[%clk 1:18:10]} Rcf2# {[%clk 0:43:55]} 0-1

[Event "MSR_ch20"]
[Site "?"]
[Date "2024.04.06"]
[Round "2.12"]
[White "Sevcik, Matej"]
[Black "Sustek, Adam"]
[Result "1/2-1/2"]
[BlackElo "1910"]
[WhiteElo "2087"]
[LiveChessVersion "1.4.8"]

1. d4 {[%clk 1:30:55]} Nf6 {[%clk 1:30:54]} 2. c4 {[%clk 1:31:08]} e6
{[%clk 1:31:08]} 3. g3 {[%clk 1:31:11]} d5 {[%clk 1:30:26]} 4. Bg2
{[%clk 1:31:34]} dxc4 {[%clk 1:27:54]} 5. Nf3 {[%clk 1:31:32]} Nc6
{[%clk 1:26:41]} 6. Qa4 {[%clk 1:31:29]} Bb4+ {[%clk 1:24:00]} 7. Bd2
{[%clk 1:31:52]} Nd5 {[%clk 1:19:06]} 8. Qc2 {[%clk 1:28:45]} Nb6
{[%clk 1:13:49]} 9. Bxb4 {[%clk 1:27:16]} Nxb4 {[%clk 1:14:01]} 10. Qc3
{[%clk 1:26:48]} N4d5 {[%clk 1:05:21]} 11. Qc1 {[%clk 1:26:10]} Bd7
{[%clk 0:59:50]} 12. Na3 {[%clk 1:18:40]} O-O {[%clk 0:57:18]} 13. Nxc4
{[%clk 1:15:28]} Nxc4 {[%clk 0:57:23]} 14. Qxc4 {[%clk 1:15:47]} Nb6
{[%clk 0:57:12]} 15. Qc2 {[%clk 1:14:20]} Bc6 {[%clk 0:55:13]} 16. O-O
{[%clk 1:13:37]} Qe7 {[%clk 0:53:08]} 17. Rfc1 {[%clk 1:10:49]} Rac8
{[%clk 0:51:38]} 18. a4 {[%clk 1:03:49]} a6 {[%clk 0:48:55]} 19. e4
{[%clk 0:56:29]} Nd7 {[%clk 0:46:42]} 20. Rd1 {[%clk 0:44:30]} Nf6
{[%clk 0:33:23]} 21. Ne5 {[%clk 0:42:48]} Bd7 {[%clk 0:30:45]} 22. Nc4
{[%clk 0:39:52]} Rfd8 {[%clk 0:26:00]} 23. Ne3 {[%clk 0:36:48]} Bc6
{[%clk 0:23:20]} 24. d5 {[%clk 0:19:46]} Bd7 {[%clk 0:20:44]} 25. Rd4
{[%clk 0:15:09]} exd5 {[%clk 0:15:54]} 26. exd5 {[%clk 0:15:29]} Qe5
{[%clk 0:15:39]} 27. Rad1 {[%clk 0:14:57]} Ne8 {[%clk 0:15:34]} 28. Re4
{[%clk 0:13:12]} Qf6 {[%clk 0:15:31]} 29. Rf4 {[%clk 0:11:00]} Qb6
{[%clk 0:14:03]} 30. Nc4 {[%clk 0:10:20]} Qc5 {[%clk 0:13:14]} 31. b4
{[%clk 0:09:56]} Qe7 {[%clk 0:11:51]} 32. a5 {[%clk 0:07:45]} Nd6
{[%clk 0:11:11]} 33. Qd2 {[%clk 0:06:08]} Re8 {[%clk 0:10:10]} 34. Ne3
{[%clk 0:06:04]} 1/2-1/2

[Event "MSR_ch20"]
[Site "?"]
[Date "2024.04.06"]
[Round "2.13"]
[White "Libich, Simon"]
[Black "Zatko, Slavomir"]
[Result "1-0"]
[BlackElo "1684"]
[WhiteElo "1891"]
[LiveChessVersion "1.4.8"]

1. e4 {[%clk 1:30:57]} e5 {[%clk 1:30:55]} 2. f4 {[%clk 1:31:21]} d5
{[%clk 1:31:15]} 3. exd5 {[%clk 1:29:59]} Qxd5 {[%clk 1:31:04]} 4. Nc3
{[%clk 1:29:31]} Qa5 {[%clk 1:31:04]} 5. Qe2 {[%clk 1:23:19]} Nc6
{[%clk 1:30:35]} 6. Nf3 {[%clk 1:20:55]} Bg4 {[%clk 1:28:50]} 7. Qb5
{[%clk 1:17:53]} Bxf3 {[%clk 1:21:28]} 8. gxf3 {[%clk 1:13:51]} O-O-O
{[%clk 1:19:24]} 9. Qxa5 {[%clk 1:11:35]} Nxa5 {[%clk 1:19:40]} 10. fxe5
{[%clk 1:11:31]} Re8 {[%clk 1:19:25]} 11. f4 {[%clk 1:03:35]} g5 {[%clk 1:19:22]}
12. d4 {[%clk 1:01:57]} Nc6 {[%clk 1:19:01]} 13. Ne2 {[%clk 0:58:40]} f6
{[%clk 1:14:17]} 14. fxg5 {[%clk 0:46:55]} fxe5 {[%clk 1:14:21]} 15. dxe5
{[%clk 0:47:09]} Rxe5 {[%clk 1:13:58]} 16. Bf4 {[%clk 0:45:43]} Ra5
{[%clk 1:06:50]} 17. O-O-O {[%clk 0:38:47]} Rxa2 {[%clk 1:04:53]} 18. Bh3+
{[%clk 0:38:00]} Kb8 {[%clk 1:05:10]} 19. Kb1 {[%clk 0:38:23]} Ra5
{[%clk 1:05:01]} 20. Bd2 {[%clk 0:38:30]} Rd5 {[%clk 0:56:57]} 21. Bc3
{[%clk 0:38:07]} Rxg5 {[%clk 0:55:37]} 22. Bxh8 {[%clk 0:38:14]} Bg7
{[%clk 0:55:48]} 23. Rhg1 {[%clk 0:38:05]} 1-0

[Event "MSR_ch20"]
[Site "?"]
[Date "2024.04.06"]
[Round "2.14"]
[White "Vojtas, Marek"]
[Black "Janik, Marek Tobias"]
[Result "1-0"]
[BlackElo "1885"]
[WhiteElo "1676"]
[LiveChessVersion "1.4.8"]

1. e4 {[%clk 1:30:59]} e5 {[%clk 1:30:57]} 2. Nc3 {[%clk 1:31:25]} Nf6
{[%clk 1:31:23]} 3. f4 {[%clk 1:31:51]} d5 {[%clk 1:31:48]} 4. fxe5
{[%clk 1:32:17]} Nxe4 {[%clk 1:32:12]} 5. Qf3 {[%clk 1:32:44]} Nc6
{[%clk 1:32:32]} 6. Bb5 {[%clk 1:33:10]} Nxc3 {[%clk 1:32:38]} 7. bxc3
{[%clk 1:33:34]} Qh4+ {[%clk 1:32:45]} 8. g3 {[%clk 1:33:59]} Qe4+
{[%clk 1:33:10]} 9. Qxe4 {[%clk 1:34:25]} dxe4 {[%clk 1:33:36]} 10. d4
{[%clk 1:29:22]} Bd7 {[%clk 1:29:52]} 11. Bxc6 {[%clk 1:29:22]} Bxc6
{[%clk 1:29:54]} 12. Ne2 {[%clk 1:29:04]} Be7 {[%clk 1:23:11]} 13. Rf1
{[%clk 1:25:28]} Bd5 {[%clk 1:18:53]} 14. Nf4 {[%clk 1:23:49]} Bc4
{[%clk 1:19:14]} 15. Rf2 {[%clk 1:24:05]} O-O {[%clk 0:59:42]} 16. Ng2
{[%clk 1:23:21]} Rad8 {[%clk 0:23:18]} 17. Ne3 {[%clk 1:20:08]} Bb5
{[%clk 0:23:31]} 18. a4 {[%clk 1:19:08]} Bc6 {[%clk 0:22:54]} 19. Nf5
{[%clk 1:19:01]} Rfe8 {[%clk 0:23:05]} 20. Nxe7+ {[%clk 1:19:15]} Rxe7
{[%clk 0:23:31]} 21. Bg5 {[%clk 1:19:36]} Red7 {[%clk 0:23:27]} 22. Bxd8
{[%clk 1:19:51]} Rxd8 {[%clk 0:23:52]} 23. Kd2 {[%clk 1:19:09]} Bd5
{[%clk 0:22:42]} 24. Ke3 {[%clk 1:18:49]} c6 {[%clk 0:20:22]} 25. Rb1
{[%clk 1:18:47]} Rb8 {[%clk 0:19:06]} 26. c4 {[%clk 1:18:38]} Bxc4
{[%clk 0:19:28]} 27. Kxe4 {[%clk 1:19:03]} Bd5+ {[%clk 0:19:36]} 28. Kd3
{[%clk 1:19:08]} b5 {[%clk 0:19:51]} 29. axb5 {[%clk 1:18:12]} cxb5
{[%clk 0:20:17]} 30. Ra1 {[%clk 1:16:41]} Rb7 {[%clk 0:18:50]} 31. c3
{[%clk 1:16:35]} Kf8 {[%clk 0:17:27]} 32. Ra5 {[%clk 1:15:39]} Ke7
{[%clk 0:16:56]} 33. Rb2 {[%clk 1:15:47]} Bc4+ {[%clk 0:16:26]} 34. Ke4
{[%clk 1:15:53]} Rd7 {[%clk 0:13:55]} 35. Rb1 {[%clk 1:13:09]} f5+
{[%clk 0:13:07]} 36. Ke3 {[%clk 1:12:27]} Ke6 {[%clk 0:10:09]} 37. Rba1
{[%clk 1:12:35]} 1-0

[Event "MSR_ch20"]
[Site "?"]
[Date "2024.04.06"]
[Round "2.15"]
[White "Bucor, Mark"]
[Black "Piroska, Samuel"]
[Result "1-0"]
[BlackElo "1667"]
[WhiteElo "1884"]
[LiveChessVersion "1.4.8"]

1. e4 {[%clk 1:30:55]} c6 {[%clk 1:30:55]} 2. d4 {[%clk 1:31:21]} d5
{[%clk 1:31:14]} 3. f3 {[%clk 1:31:11]} e6 {[%clk 1:30:03]} 4. Nc3
{[%clk 1:31:35]} Nd7 {[%clk 1:30:08]} 5. Be3 {[%clk 1:22:33]} Bd6
{[%clk 1:27:18]} 6. e5 {[%clk 1:14:09]} Be7 {[%clk 1:23:53]} 7. Qd2
{[%clk 1:09:07]} c5 {[%clk 1:23:18]} 8. f4 {[%clk 1:09:13]} a6 {[%clk 1:22:39]}
9. Nf3 {[%clk 1:08:18]} b5 {[%clk 1:21:18]} 10. g3 {[%clk 1:04:00]} Bb7
{[%clk 1:20:17]} 11. Bg2 {[%clk 1:04:14]} Nh6 {[%clk 1:18:35]} 12. O-O
{[%clk 1:03:52]} Ng4 {[%clk 1:17:17]} 13. Kh1 {[%clk 1:03:12]} Nxe3
{[%clk 1:13:09]} 14. Qxe3 {[%clk 1:03:33]} cxd4 {[%clk 1:13:32]} 15. Nxd4
{[%clk 1:03:53]} Qb6 {[%clk 1:12:44]} 16. f5 {[%clk 0:54:23]} O-O
{[%clk 1:06:31]} 17. f6 {[%clk 0:39:06]} gxf6 {[%clk 1:03:26]} 18. exf6
{[%clk 0:39:27]} Bxf6 {[%clk 1:03:30]} 19. Rxf6 {[%clk 0:39:21]} Nxf6
{[%clk 1:03:06]} 20. Qg5+ {[%clk 0:39:45]} Kh8 {[%clk 1:03:21]} 21. Qxf6+
{[%clk 0:40:08]} Kg8 {[%clk 1:03:37]} 22. Nf5 {[%clk 0:39:47]} exf5
{[%clk 1:01:57]} 23. Qxb6 {[%clk 0:40:09]} Rab8 {[%clk 1:02:11]} 24. Qf6
{[%clk 0:40:16]} Rbd8 {[%clk 0:59:10]} 25. Rd1 {[%clk 0:39:05]} Rd7
{[%clk 0:55:47]} 26. Qxf5 {[%clk 0:37:28]} 1-0

[Event "MSR_ch20"]
[Site "?"]
[Date "2024.04.06"]
[Round "2.16"]
[White "Duda, Daniel"]
[Black "Jurky, Marian"]
[Result "1/2-1/2"]
[BlackElo "1874"]
[WhiteElo "1654"]
[LiveChessVersion "1.4.8"]

1. b3 {[%clk 1:30:56]} e5 {[%clk 1:29:35]} 2. Bb2 {[%clk 1:28:57]} Nc6
{[%clk 1:27:18]} 3. e3 {[%clk 1:29:18]} Nf6 {[%clk 1:27:42]} 4. Bb5
{[%clk 1:29:27]} Bd6 {[%clk 1:25:45]} 5. Na3 {[%clk 1:22:02]} O-O
{[%clk 1:16:40]} 6. Ne2 {[%clk 1:05:29]} a6 {[%clk 1:13:43]} 7. Bxc6
{[%clk 1:04:19]} dxc6 {[%clk 1:11:52]} 8. Nc4 {[%clk 1:00:57]} Re8
{[%clk 1:11:12]} 9. d4 {[%clk 0:57:05]} exd4 {[%clk 1:00:03]} 10. Qxd4
{[%clk 0:55:38]} Bb4+ {[%clk 0:51:46]} 11. c3 {[%clk 0:55:20]} Qxd4
{[%clk 0:51:00]} 12. Nxd4 {[%clk 0:50:58]} Bd6 {[%clk 0:50:20]} 13. O-O-O
{[%clk 0:50:14]} Be6 {[%clk 0:48:42]} 14. Na5 {[%clk 0:27:36]} Rab8
{[%clk 0:47:38]} 15. f3 {[%clk 0:25:57]} c5 {[%clk 0:47:11]} 16. Nxe6
{[%clk 0:16:49]} Rxe6 {[%clk 0:47:16]} 17. Nc4 {[%clk 0:16:54]} b5
{[%clk 0:32:45]} 18. Nxd6 {[%clk 0:16:26]} cxd6 {[%clk 0:32:49]} 19. e4
{[%clk 0:16:36]} Kf8 {[%clk 0:23:26]} 20. Rd2 {[%clk 0:14:14]} Ke7
{[%clk 0:22:21]} 21. Rhd1 {[%clk 0:09:39]} Rb6 {[%clk 0:20:56]} 22. c4
{[%clk 0:06:51]} bxc4 {[%clk 0:11:29]} 23. bxc4 {[%clk 0:07:13]} Rb4
{[%clk 0:10:37]} 24. Bc3 {[%clk 0:05:29]} Rb6 {[%clk 0:07:28]} 25. Ba5
{[%clk 0:02:49]} Rb7 {[%clk 0:07:12]} 26. Rd3 {[%clk 0:03:12]} Nd7
{[%clk 0:04:50]} 27. Bc3 {[%clk 0:01:07]} f6 {[%clk 0:04:59]} 28. Re1
{[%clk 0:00:57]} Ne5 {[%clk 0:03:17]} 29. Bxe5 {[%clk 0:01:05]} dxe5
{[%clk 0:02:35]} 30. Rd5 {[%clk 0:00:58]} Rc7 {[%clk 0:02:17]} 31. Re3
{[%clk 0:00:51]} Rb6 {[%clk 0:01:17]} 32. Rb3 {[%clk 0:01:17]} Rxb3
{[%clk 0:01:30]} 33. axb3 {[%clk 0:01:45]} Ke6 {[%clk 0:01:28]} 34. Kb2
{[%clk 0:01:21]} f5 {[%clk 0:01:23]} 35. Ka3 {[%clk 0:01:44]} fxe4
{[%clk 0:01:44]} 36. fxe4 {[%clk 0:02:10]} Rc6 {[%clk 0:01:48]} 37. h4
{[%clk 0:00:41]} Kf6 {[%clk 0:02:01]} 38. b4 {[%clk 0:00:49]} cxb4+
{[%clk 0:02:14]} 39. Kxb4 {[%clk 0:01:15]} Ke6 {[%clk 0:01:03]} 40. g4
{[%clk 0:00:57]} h6 {[%clk 0:01:09]} 41. Rc5 {[%clk 0:00:38]} Rd6
{[%clk 0:00:58]} 42. Rd5 {[%clk 0:28:44]} Rc6 {[%clk 0:18:44]} 43. g5
{[%clk 0:26:08]} hxg5 {[%clk 0:19:01]} 44. hxg5 {[%clk 0:26:37]} Rc7
{[%clk 0:10:50]} 45. c5 {[%clk 0:24:11]} Rb7+ {[%clk 0:06:58]} 46. Ka5
{[%clk 0:24:25]} Rb5+ {[%clk 0:07:18]} 47. Kxa6 {[%clk 0:24:47]} Rb4
{[%clk 0:07:46]} 48. c6 {[%clk 0:24:19]} Rxe4 {[%clk 0:08:08]} 49. Rc5
{[%clk 0:24:30]} Rf4 {[%clk 0:07:24]} 50. c7 {[%clk 0:24:41]} Rf8
{[%clk 0:07:49]} 51. c8=Q+ {[%clk 0:25:03]} Rxc8 {[%clk 0:08:15]} 52. Rxc8
{[%clk 0:25:20]} Kf5 {[%clk 0:08:20]} 53. Rc7 {[%clk 0:24:14]} g6
{[%clk 0:08:40]} 54. Rc5 {[%clk 0:23:47]} Kxg5 {[%clk 0:08:42]} 55. Rxe5+
{[%clk 0:24:10]} Kf4 {[%clk 0:09:00]} 56. Re8 {[%clk 0:21:48]} g5
{[%clk 0:09:17]} 57. Kb5 {[%clk 0:22:13]} g4 {[%clk 0:09:43]} 58. Kc4
{[%clk 0:22:23]} g3 {[%clk 0:05:01]} 59. Kd3 {[%clk 0:19:16]} g2 {[%clk 0:05:08]}
60. Rg8 {[%clk 0:03:22]} Kf3 {[%clk 0:05:28]} 61. Kd2 {[%clk 0:03:45]} Kf2
{[%clk 0:05:43]} 62. Rf8+ {[%clk 0:03:47]} Kg3 {[%clk 0:05:58]} 1/2-1/2

[Event "MSR_ch20"]
[Site "?"]
[Date "2024.04.06"]
[Round "2.17"]
[White "Babjak, Samuel"]
[Black "Richnak, Michal"]
[Result "1-0"]
[BlackElo "1626"]
[WhiteElo "1870"]
[LiveChessVersion "1.4.8"]

1. d4 {[%clk 1:30:58]} d5 {[%clk 1:30:43]} 2. Nf3 {[%clk 1:31:21]} Bg4
{[%clk 1:30:07]} 3. c4 {[%clk 1:30:08]} c5 {[%clk 1:29:27]} 4. e3
{[%clk 1:28:30]} Nf6 {[%clk 1:27:46]} 5. Nc3 {[%clk 1:27:54]} e6 {[%clk 1:27:18]}
6. a3 {[%clk 1:27:05]} Nc6 {[%clk 1:23:09]} 7. dxc5 {[%clk 1:26:00]} Bxc5
{[%clk 1:15:07]} 8. b4 {[%clk 1:22:21]} d4 {[%clk 1:15:28]} 9. Nb5
{[%clk 1:20:41]} a6 {[%clk 1:11:31]} 10. bxc5 {[%clk 1:19:44]} axb5
{[%clk 1:09:39]} 11. cxb5 {[%clk 1:19:41]} Ne5 {[%clk 1:08:44]} 12. Be2
{[%clk 1:17:39]} Nxf3+ {[%clk 1:08:53]} 13. Bxf3 {[%clk 1:17:46]} Bxf3
{[%clk 1:09:15]} 14. Qxf3 {[%clk 1:18:05]} Qa5+ {[%clk 1:09:42]} 15. Bd2
{[%clk 1:17:35]} Qxb5 {[%clk 1:10:05]} 16. exd4 {[%clk 1:17:52]} O-O
{[%clk 1:08:58]} 17. Qe2 {[%clk 1:16:06]} Qb2 {[%clk 1:08:25]} 18. O-O
{[%clk 1:13:05]} Rxa3 {[%clk 1:07:13]} 19. Rxa3 {[%clk 1:10:56]} Qxa3
{[%clk 1:07:38]} 20. Qb5 {[%clk 1:08:58]} Ne4 {[%clk 1:04:43]} 21. Bb4
{[%clk 0:59:34]} Qb2 {[%clk 1:04:31]} 22. Qxb7 {[%clk 0:57:53]} h6
{[%clk 0:55:44]} 23. c6 {[%clk 0:53:49]} Re8 {[%clk 0:55:46]} 24. c7
{[%clk 0:51:31]} Nd6 {[%clk 0:56:10]} 25. Qb8 {[%clk 0:49:48]} Nc8
{[%clk 0:55:05]} 26. Bc5 {[%clk 0:47:47]} Qe2 {[%clk 0:54:35]} 27. Qb7
{[%clk 0:40:28]} e5 {[%clk 0:52:11]} 28. d5 {[%clk 0:39:40]} e4 {[%clk 0:49:57]}
29. Qc6 {[%clk 0:36:53]} Re5 {[%clk 0:50:13]} 30. d6 {[%clk 0:35:32]} Re6
{[%clk 0:49:11]} 31. d7 {[%clk 0:32:05]} Rxc6 {[%clk 0:49:25]} 32. dxc8=Q+
{[%clk 0:32:26]} Kh7 {[%clk 0:49:34]} 33. Qf5+ {[%clk 0:32:52]} Rg6
{[%clk 0:48:40]} 34. c8=Q {[%clk 0:33:09]} 1-0

[Event "MSR_ch20"]
[Site "?"]
[Date "2024.04.06"]
[Round "2.18"]
[White "Mitas, Daniel"]
[Black "Turis, Ondrej"]
[Result "0-1"]
[BlackElo "1866"]
[WhiteElo "1614"]
[LiveChessVersion "1.4.8"]

1. d4 {[%clk 1:30:57]} Nf6 {[%clk 1:30:56]} 2. c4 {[%clk 1:31:13]} b6
{[%clk 1:31:20]} 3. Nc3 {[%clk 1:31:26]} Bb7 {[%clk 1:31:44]} 4. Bf4
{[%clk 1:30:39]} e6 {[%clk 1:32:02]} 5. a3 {[%clk 1:30:45]} Be7 {[%clk 1:31:22]}
6. e3 {[%clk 1:31:01]} O-O {[%clk 1:31:33]} 7. h3 {[%clk 1:24:52]} d5
{[%clk 1:31:51]} 8. Nf3 {[%clk 1:25:00]} c5 {[%clk 1:31:43]} 9. Be2
{[%clk 1:09:32]} Nbd7 {[%clk 1:31:09]} 10. dxc5 {[%clk 1:06:35]} bxc5
{[%clk 1:29:58]} 11. O-O {[%clk 1:05:46]} Nb6 {[%clk 1:14:40]} 12. Ne5
{[%clk 0:55:24]} Bd6 13. Qb3 {[%clk 0:53:47]} Qe7 {[%clk 1:05:58]} 14. Nb5
{[%clk 0:51:46]} Bb8 {[%clk 0:57:53]} 15. Rac1 {[%clk 0:44:02]} Ne4
{[%clk 0:56:27]} 16. Qc2 {[%clk 0:39:03]} f6 {[%clk 0:55:53]} 17. Nf3
{[%clk 0:35:50]} Bxf4 {[%clk 0:55:15]} 18. exf4 {[%clk 0:35:58]} d4
{[%clk 0:54:52]} 19. Bd3 {[%clk 0:33:21]} f5 {[%clk 0:47:03]} 20. a4
{[%clk 0:28:16]} a6 {[%clk 0:46:49]} 21. Na3 {[%clk 0:27:34]} Bc6
{[%clk 0:43:20]} 22. b3 {[%clk 0:23:14]} Nd7 {[%clk 0:43:28]} 23. Rfe1
{[%clk 0:21:47]} Rab8 {[%clk 0:41:33]} 24. Nb1 {[%clk 0:19:31]} Qd6
{[%clk 0:30:08]} 25. Ng5 {[%clk 0:16:01]} Nxg5 {[%clk 0:28:24]} 26. fxg5
{[%clk 0:16:22]} Ne5 {[%clk 0:26:44]} 27. Nd2 {[%clk 0:15:03]} Nxd3
{[%clk 0:23:45]} 28. Qxd3 {[%clk 0:15:23]} e5 {[%clk 0:22:35]} 29. f3
{[%clk 0:14:02]} g6 {[%clk 0:20:59]} 30. Re2 {[%clk 0:12:59]} Rfe8
{[%clk 0:20:53]} 31. Rce1 {[%clk 0:12:56]} Re6 {[%clk 0:20:54]} 32. Nf1
{[%clk 0:12:00]} Qe7 {[%clk 0:20:11]} 33. h4 e4 34. fxe4 {[%clk 0:07:01]} fxe4
{[%clk 0:19:27]} 35. Qd2 Rb4 {[%clk 0:16:01]} 36. Qb2 {[%clk 0:05:59]} Bxa4
{[%clk 0:13:46]} 37. Qa3 {[%clk 0:05:27]} Bxb3 {[%clk 0:13:34]} 38. Qxa6
{[%clk 0:04:44]} Rxa6 {[%clk 0:13:41]} 39. Rxe4 {[%clk 0:04:36]} Qxe4
{[%clk 0:14:01]} 0-1

[Event "MSR_ch20"]
[Site "?"]
[Date "2024.04.06"]
[Round "2.19"]
[White "Filo, David"]
[Black "Droppa, Kristian"]
[Result "1/2-1/2"]
[BlackElo "1594"]
[WhiteElo "1837"]
[LiveChessVersion "1.4.8"]

1. d4 {[%clk 1:30:54]} d5 {[%clk 1:30:43]} 2. Nf3 {[%clk 1:31:11]} e6
{[%clk 1:30:42]} 3. c4 {[%clk 1:31:33]} Nf6 {[%clk 1:31:00]} 4. g3
{[%clk 1:31:47]} Bb4+ {[%clk 1:29:56]} 5. Bd2 {[%clk 1:32:04]} Be7
{[%clk 1:30:04]} 6. Bg2 {[%clk 1:32:23]} O-O {[%clk 1:29:38]} 7. O-O
{[%clk 1:32:43]} dxc4 {[%clk 1:25:14]} 8. Qc2 {[%clk 1:30:11]} b6
{[%clk 1:20:51]} 9. Rd1 {[%clk 1:03:51]} Bb7 {[%clk 1:16:45]} 10. Bg5
{[%clk 0:58:57]} Nbd7 {[%clk 1:06:53]} 11. Qxc4 {[%clk 0:48:09]} h6
{[%clk 0:53:05]} 12. Bxf6 {[%clk 0:42:00]} Nxf6 {[%clk 0:49:35]} 13. Nc3
{[%clk 0:40:17]} Rc8 {[%clk 0:39:09]} 14. Qa4 {[%clk 0:34:01]} Qd7
{[%clk 0:28:39]} 15. Qc2 {[%clk 0:23:04]} Qe8 {[%clk 0:21:35]} 16. Rac1
{[%clk 0:11:21]} c5 {[%clk 0:17:10]} 17. dxc5 {[%clk 0:09:10]} Rxc5
{[%clk 0:15:31]} 18. b4 {[%clk 0:07:08]} Rc7 {[%clk 0:13:35]} 19. Qb2
{[%clk 0:06:36]} Nd5 {[%clk 0:08:51]} 20. a3 {[%clk 0:06:08]} Bf6
{[%clk 0:08:02]} 21. Rd3 {[%clk 0:04:04]} Qc8 {[%clk 0:06:47]} 22. Nd4
{[%clk 0:02:29]} Bxd4 {[%clk 0:05:30]} 23. Bxd5 {[%clk 0:02:45]} Bxd5
{[%clk 0:04:44]} 24. Rxd4 {[%clk 0:02:49]} Rd8 {[%clk 0:04:35]} 25. Rdd1
{[%clk 0:02:44]} Bb7 {[%clk 0:04:09]} 26. Rxd8+ {[%clk 0:02:08]} Qxd8
{[%clk 0:04:23]} 27. Rd1 {[%clk 0:01:28]} Qf6 {[%clk 0:03:46]} 28. Rd3
{[%clk 0:01:35]} Be4 {[%clk 0:02:32]} 29. Re3 {[%clk 0:02:00]} Kf8
{[%clk 0:01:56]} 30. Qd2 {[%clk 0:02:21]} Bh7 {[%clk 0:01:28]} 31. Nb5
{[%clk 0:01:48]} Rc2 {[%clk 0:01:24]} 32. Qd6+ {[%clk 0:01:34]} Qe7
{[%clk 0:00:51]} 33. Qb8+ {[%clk 0:01:30]} Qe8 {[%clk 0:01:06]} 34. Qxe8+
{[%clk 0:00:55]} Kxe8 {[%clk 0:01:23]} 35. Nxa7 {[%clk 0:01:11]} Bf5
{[%clk 0:01:12]} 36. f3 {[%clk 0:00:58]} Bh3 {[%clk 0:01:18]} 37. Rd3
{[%clk 0:01:03]} Rxe2 {[%clk 0:01:09]} 38. Nc6 {[%clk 0:00:35]} f6
{[%clk 0:00:34]} 39. Rd8+ {[%clk 0:00:48]} Kf7 {[%clk 0:00:56]} 40. Rd7+
{[%clk 0:00:38]} Ke8 {[%clk 0:01:04]} 41. Rd8+ {[%clk 0:00:50]} Kf7
{[%clk 0:01:12]} 42. Rd1 {[%clk 0:00:34]} Rg2+ {[%clk 0:00:41]} 43. Kh1
{[%clk 0:26:20]} Ra2 {[%clk 0:30:58]} 44. Kg1 {[%clk 0:22:44]} Rg2+
{[%clk 0:26:51]} 45. Kh1 {[%clk 0:23:08]} Ra2 {[%clk 0:27:16]} 46. Kg1
{[%clk 0:20:19]} Rxa3 {[%clk 0:24:02]} 47. Rd7+ {[%clk 0:18:47]} 1/2-1/2

[Event "MSR_ch20"]
[Site "?"]
[Date "2024.04.06"]
[Round "2.20"]
[White "Rerko, Samuel"]
[Black "Volanek, Maros"]
[Result "0-1"]
[BlackElo "1822"]
[WhiteElo "1584"]
[LiveChessVersion "1.4.8"]

1. c4 {[%clk 1:30:46]} e5 {[%clk 1:30:37]} 2. g3 {[%clk 1:31:11]} f5
{[%clk 1:30:15]} 3. Bg2 {[%clk 1:31:04]} Nf6 {[%clk 1:30:23]} 4. Nc3
{[%clk 1:31:19]} c6 {[%clk 1:28:47]} 5. Nf3 {[%clk 1:31:27]} d6 {[%clk 1:29:01]}
6. O-O {[%clk 1:30:56]} Be7 {[%clk 1:27:26]} 7. Qb3 {[%clk 1:31:07]} Nbd7
{[%clk 1:24:49]} 8. Rd1 {[%clk 1:25:22]} Qb6 {[%clk 1:22:22]} 9. Qc2
{[%clk 1:25:14]} g6 {[%clk 1:13:51]} 10. e4 {[%clk 1:16:37]} Nc5 {[%clk 1:08:50]}
11. d3 {[%clk 1:09:23]} Be6 {[%clk 1:02:14]} 12. Ng5 {[%clk 1:06:19]} h6
{[%clk 0:58:06]} 13. Nxe6 {[%clk 1:05:26]} Nxe6 {[%clk 0:58:28]} 14. Na4
{[%clk 1:02:11]} Qc7 {[%clk 0:56:51]} 15. exf5 {[%clk 1:00:18]} gxf5
{[%clk 0:56:41]} 16. b3 {[%clk 0:55:14]} O-O-O {[%clk 0:54:48]} 17. Bb2
{[%clk 0:53:47]} h5 {[%clk 0:51:12]} 18. Bh3 {[%clk 0:52:45]} Ng4
{[%clk 0:50:45]} 19. Qe2 {[%clk 0:52:26]} Ng5 {[%clk 0:49:43]} 20. Bg2
{[%clk 0:49:11]} h4 {[%clk 0:45:48]} 21. h3 {[%clk 0:45:50]} Nf6 {[%clk 0:45:00]}
22. f4 {[%clk 0:44:22]} Nf7 {[%clk 0:44:08]} 23. fxe5 {[%clk 0:40:18]} dxe5
{[%clk 0:43:39]} 24. Rf1 {[%clk 0:35:16]} Nh5 {[%clk 0:35:46]} 25. Rxf5
{[%clk 0:26:05]} Nxg3 {[%clk 0:35:17]} 26. Qf2 {[%clk 0:26:25]} Nxf5
{[%clk 0:35:18]} 27. Qxf5+ {[%clk 0:26:45]} Kb8 {[%clk 0:35:24]} 28. Re1
{[%clk 0:21:48]} Qd7 {[%clk 0:31:51]} 29. Bxe5+ {[%clk 0:20:00]} Nxe5
{[%clk 0:31:54]} 30. Qxe5+ {[%clk 0:20:15]} Bd6 {[%clk 0:31:55]} 31. Nc5
{[%clk 0:11:55]} Bxe5 {[%clk 0:27:08]} 32. Nxd7+ {[%clk 0:12:20]} Rxd7
{[%clk 0:27:30]} 33. Rxe5 {[%clk 0:12:46]} Rxd3 {[%clk 0:27:46]} 34. Re2
{[%clk 0:12:38]} Rhd8 {[%clk 0:26:55]} 35. Kf2 {[%clk 0:11:51]} Rd2
{[%clk 0:25:27]} 36. Ke3 {[%clk 0:12:08]} R8d3+ {[%clk 0:25:19]} 37. Kf2
{[%clk 0:12:11]} Kc7 {[%clk 0:25:13]} 38. c5 {[%clk 0:09:19]} Rxe2+
{[%clk 0:23:29]} 39. Kxe2 {[%clk 0:09:42]} Rc3 {[%clk 0:23:50]} 40. Kd2
{[%clk 0:09:08]} Rxc5 {[%clk 0:24:04]} 41. Bf3 {[%clk 0:07:42]} Rg5
{[%clk 0:23:14]} 42. Bg4 {[%clk 0:04:53]} Rxg4 {[%clk 0:23:14]} 0-1